Представление документа в формате RUSMARC

ПолеНазваниеЗначение
  Тип записи c
  Библиографический уровень m
001 Контрольный номер UONB/MAIN/ee76c7f0455643179922b79427bafe6f
005 Дата корректировки 20241201170352.9
010 Индекс ISBN __
9 Тираж 20000 экз.
013 Номер (ISMN) __
d Цена 10 р.
071 Издательские номер (звукозапись и ноты) 21
a Номер, присвоенный агентством 10056
100 Данные общей обработки __
a Данные общей обработки 20241201b1994 u y0rusy0189 ca
101 Язык документа 0_
a Язык текста rus
f Язык титульного листа rus
102 Страна публикации __
a Страна публикации RU
125 Кодированные данные звукозаписи и нотных изданий __
a Форма изложения нотного текста с
128 Кодированные данные (звукозаписи-физические характеристики) __
a Кодированные данные: Музыкальная форма и тональность или лад zz
c Инструменты или голоса, рекомендуемые для солистов (устаревшее) ka
200 Заглавие и сведения об ответственности 1_
a Заглавие Вып. 3
203 Вид содержания и тип средства __
a Вид содержания Музыка
b Характеристика содержания знаковая
c Тип средства непосредственная
210 Выходные данные 1_
d Дата издания 1994
215 Физическое описание __
a Объем 48 с.
327 Примечание о содержании 11
a Примечание о содержании Содерж.: Гурилев Л. Две прелюдии. - Верстовский А. Вальс. - Рубинштейн А. Ноктюрн. - Бородин А. Интермеццо : из "Маленькой сюиты". - Чайковский П. Колыбельная песня. - Лядов А. Канон ; Прелюдия. - Пахульский Г. Фантастическая сказка. - Ляпунов С. Аллегретто. - Гречанинов А. Папа и мама. - Ребиков В. Мазурка. - Черепнин А. Багатель. - Прокофьев С. Фея Зимы : из балета "Золушка". - Раков Н. Русская песня.
461 Уровень набора _0
1 2001
a Русский альбом
e популярные пьесы для фортепиано
f составление и редакция А. Бакулова
v Вып. 3
1 2101
a Москва
c Композитор
d 1993
1 001UONB/MAIN/2628d35f1d454d869531dee53c08c3cb
1 215
d 29 см
464 Аналитический уровень _0
1 700 1
a Гурилев
b Л.
1 2001
a Две прелюдии
464 Аналитический уровень _0
1 700 1
a Верстовский
b А.
1 2001
a Вальс
464 Аналитический уровень _0
1 700 1
a Рубинштейн
b А.
1 2001
a Ноктюрн
464 Аналитический уровень _0
1 700 1
a Бородин
b А.
1 2001
a Интермеццо из "Маленькой сюиты"
1 50010
a Маленькая сюита
464 Аналитический уровень _0
1 700 1
a Чайковский
b П.
1 2001
a Колыбельная песня
464 Аналитический уровень _0
1 700 1
a Лядов
b А.
1 2001
a Канон
464 Аналитический уровень _0
1 700 1
a Лядов
b А.
1 2001
a Прелюдия
464 Аналитический уровень _0
1 700 1
a Пахульский
b Г.
1 2001
a Фантастическая сказка
464 Аналитический уровень _0
1 700 1
a Ляпунов
b С.
1 2001
a Аллегретто
464 Аналитический уровень _0
1 700 1
a Гречанинов
b А.
1 2001
a Папа и мама
464 Аналитический уровень _0
1 700 1
a Ребиков
b В.
1 2001
a Мазурка
464 Аналитический уровень _0
1 700 1
a Черепнин
b А.
1 2001
a Багатель
464 Аналитический уровень _0
1 700 1
a Прокофьев
b С.
1 2001
a Фея Зимы
e из балета "Золушка"
1 50010
a Золушка
464 Аналитический уровень _0
1 700 1
a Раков
b Н.
1 2001
a Русская песня
606 Тематические рубрики 0_
a Основная рубрика Фортепианная музыка
x Основная подрубрика Пьесы для фортепиано
610 Ключевые слова 0_
a Ключевые слова фортепианная музыка; пьесы для фортепиано
686 Индексы других классификаций __
2 Код системы rubbk
a Классификационный индекс 85.954.2-058я43
801 Источник записи _0
a Страна RU
b Организация Ульяновская ОНБ
c Дата составления 20241201
g Правила каталогизации RCR
801 Источник записи _1
a Страна RU
b Организация Ульяновская ОНБ
c Дата составления 20241201
g Правила каталогизации RCR
901 Тип документа __
t Тип документа n
w Контрольный № источника UONB/MAIN/2628d35f1d454d869531dee53c08c3cb
909 Создатель записи __
a Создатель записи Никитина Т. А.